000 00315nam a22001217a 4500
008 190313b xxu||||| |||| 00| 0 eng d
041 _aeng
080 _a043.3
100 _a0
101 _aMEK-MTH
245 _aAnaliza dhe realizimi i sistemit për mbushjen e shpejtë të baterive
_cSpahija,K
942 _2udc
_cBK
999 _c54753
_d54753